| 000 | 01805nam a2200229Ia 4500 | ||
|---|---|---|---|
| 008 | 220216s9999 xx 000 0 und d | ||
| 100 | _aJun Wang | ||
| 245 | 0 | _aAnalysis of soil nutrients in rubber plantations under stimulated tapping systems in Hainan | |
| 260 | _bProceedings of IRRDB Conference: NR Industry: Responding to Globalization, 7-8 September 2004, Kunming International Convention & Exhibition Center, China. pp.171-175. | ||
| 520 | _aIt was analyzed that the soil nutrient contents of 164 soil samples of the rubber plantations under stimulated tapping systems on the main agrotypes in Hainan and it was discussed that the similarities and differences of the rubber plantation soil nutrient of the rubber plantations tapped for lon time under between stimulated tapping systems and traditional tapping systems. According to the result, there was an appraisement of the rubber plantation soil nutrients level now. Under stimulated tapping systems, a large proportion of soil nutient content such as the soil organic matter 60.91;, total N 54.55;, available phosphorus 90.72;, available potassium 62.14;of the all collected samples was lower than that the rubber tree needs, and the soil nutrient content level was discrepant in different agrotypes, and the soil nutrient content could tend to seclining with the timber under stimulated tapping systems. Those could manifest that the nutrient and material recycle of rubber tree itself was changed under stimulated tapping systems. | ||
| 650 | _aRubber tree | ||
| 650 | _aSoil nutrient | ||
| 650 | _aStimulated tapping systems | ||
| 700 | _aGuishui Xie | ||
| 700 | _aJunming Chen | ||
| 700 | _aJusheng Jiang | ||
| 700 | _aSuitong Wang | ||
| 700 | _aWeifu Lin | ||
| 700 | _aZhenhui Wang | ||
| 700 | _aZhiwei Liu | ||
| 942 | _cJS | ||
| 999 |
_c54247 _d54247 |
||